01298 a2200337 45000010006000000050017000060080041000230030015000640400040000790800104001192450058002230200022002812640033003033000019003365050146003550410008005011000029005097000018005387000027005567000027005837000026006107000020006367000035006567000036006917000032007277000027007597000027007867000032008137000020008458560095008654109620260407155704.0260407a2006 arg spa dAR-UNSa-BCEJYS aAR-UNSa-BCEJYSbspacAR-UNSa-BCEJYS a347.736xQuiebra. Insolvencia. Suspensión de pagos. Bancarrota, procedimientos. Derecho Concursal10aLa insolvencia en el derecho concursal iberoamericano a978-950-894-590-7 1aBuenos Aires :bAD-HOCc2006 a239 p.c23 cm. a1. La jurisdicción concursal - 2. Crisis empresarias - 3. Reforma de los sistemas concursales iberoamericanos - 4. La quiebra transnacional aspa1 aBima, María del Carmen1 aVaiser, Lidia1 aKleidermacher, Arnoldo1 aRichard, Efraín Hugo1 aRouillon, Adolfo A.N.1 aRuiz, Sergio G.1 aSanguino Sánchez, Jesús M.1 aCandelario Macías, María I.1 aVázquez Sotelo, José L.1 aGarcía Priani, Jaime1 aSilva Oropeza, Antonio1 aCarbonell O´Brien, Esteban1 aCreimer, Israel41uhttps://biblioeco.unsa.edu.ar/pmb/images/libros/L126360.jpgyImagen de portadaqimage/jpeg